Top 15 Covid-19 getroffen landen - 22 augustus - Statistieken

Algemene statistieken
  • Deze quiz is 2 keer genomen
  • De gemiddelde score is 7 van 25
Antwoordstatistieken
land % Correct
Rusland
100%
Argentinië
50%
Brazilië
50%
Chili
50%
Chili
50%
Colombia
50%
Iran
50%
Mexico
50%
Panama
50%
Peru
50%
Spanje
50%
Verenigde Staten
50%
Zuid-Afrika
50%
Armenië
0%
Bahrein
0%
Bangladesh
0%
Bolivia
0%
India
0%
Israël
0%
Koeweit
0%
Oman
0%
Qatar
0%
Saoedi-Arabië
0%
Singapore
0%
Verenigd Koninkrijk
0%
Geen overeenkomende quizzen gevonden
Scoreverdeling
Procent van Mensen met Elke Score
Percentiel versus Aantal Correcte Antwoorden
Uw Scoregeschiedenis
U heeft deze quiz nog niet genomen